Online
Catalog

Literatura árabe / (Record no. 7080)

MARC details
000 -CABECERA
campo de control de longitud fija 00703nam a2200229 a 4500
001 - NÚMERO DE CONTROL
campo de control 000007299
005 - FECHA Y HORA DE LA ÚLTIMA TRANSACCIÓN
campo de control 20200929154127.0
008 - DATOS DE LONGITUD FIJA--INFORMACIÓN GENERAL
campo de control de longitud fija 740117s1972 sp 001 f spa
040 ## - FUENTE DE LA CATALOGACIÓN
Centro catalogador/agencia de origen DO-SdBNP
Lengua de catalogación spa
Centro/agencia transcriptor BNPHU
082 ## - NÚMERO DE LA CLASIFICACIÓN DECIMAL DEWEY
Número de clasificación 892.709
Número de documento/Ítem V532l, 1972.
100 1# - ENTRADA PRINCIPAL--NOMBRE DE PERSONA
Nombre de persona Vernet, Juan
Forma completa/desarrollada del nombre (Juan Vernet Ginés)
Fechas asociadas al nombre 1923-
9 (RLIN) 20268
245 10 - MENCIÓN DE TÍTULO
Título Literatura árabe /
Mención de responsabilidad, etc. Juan Vernet.
250 ## - MENCIÓN DE EDICIÓN
Mención de edición 3a ed.
260 ## - PUBLICACIÓN, DISTRIBUCIÓN, ETC.
Lugar de publicación, distribución, etc. Barcelona, España :
Nombre del editor, distribuidor, etc. Labor,
Fecha de publicación, distribución, etc. 1972.
300 ## - DESCRIPCIÓN FÍSICA
Extensión 263 p. ;
Dimensiones 21 cm.
490 1# - MENCIÓN DE SERIE
Mención de serie Labor ;
Designación de volumen o secuencia 25
500 ## - NOTA GENERAL
Nota general Incluye índice de nombres.
504 ## - NOTA DE BIBLIOGRAFÍA, ETC.
Nota de bibliografía, etc. Bibliografía : p. 229-249
650 #4 - PUNTO DE ACCESO ADICIONAL DE MATERIA--TÉRMINO DE MATERIA
Término de materia o nombre geográfico como elemento de entrada Literatura árabe
Subdivisión general Historia y crítica
9 (RLIN) 20269
650 #4 - PUNTO DE ACCESO ADICIONAL DE MATERIA--TÉRMINO DE MATERIA
Término de materia o nombre geográfico como elemento de entrada Prosa árabe
9 (RLIN) 20270
830 #0 - PUNTO DE ACCESO ADICIONAL DE SERIE-TÍTULO UNIFORME
Título uniforme Labor ;
Número de parte o sección de la obra 25
9 (RLIN) 20271
Holdings
Estado de retiro Estado de pérdida Restricciones de uso No para préstamo Código de colección Localización permanente Ubicación/localización actual Ubicación en estantería Fecha de adquisición Número de inventario Total de préstamos Signatura topográfica completa Código de barras Fecha visto por última vez Precio válido a partir de Tipo de ítem Koha Número de copia
      Excluido de préstamo Monografías: Libros y Folletos General General Depósito 07.09.2009 LF1   892.709 V532l, 1972. 7299-10 25.06.2020 25.06.2020 No se presta  
  Extraviado   Excluido de préstamo Monografías: Libros y Folletos Patrimonio Dominicano Patrimonio Dominicano Extraviado 03.04.2017 LF1   892.709 V532l, 1972. 7299-20 25.06.2020 25.06.2020 No se presta e. 2

Powered by Koha